Deutsche Nationalspieler mit nur einem Länderspiel (seit 2000) - Statistiken

Allgemein
  • Dieses Quiz wurde 41 mal gespielt
  • Das Durchschnittsergebnis liegt bei 7 aus 15
Antwortstatistiken
Jahr Verein zum Zeitpunkt Spieler % Korrekt
2023 1. FC Union Berlin Kevin Behrens
76%
2025 Inter Mailand Yann Aurel Bisseck
76%
2002 TSV 1860 München Martin Max
62%
2025 TSG 1899 Hoffenheim Tom Bischof
62%
2009 TSG 1899 Hoffenheim Tobias Weis
54%
2014 FC Augsburg André Hahn
49%
2023 VfB Stuttgart Josha Vagnoman
43%
2017 RB Leipzig Diego Demme
41%
2008 TSG 1899 Hoffenheim Marvin Compper
41%
2016 VfL Wolfsburg Yannick Gerhardt
38%
2000 VfL Wolfsburg Zoltan Sebescen
38%
2014 SC Freiburg Oliver Sorg
35%
2014 SG Eintracht Frankfurt Sebastian Jung
32%
2018 FC Schalke 04 Mark Uth
27%
2003 Bayer 04 Leverkusen Hanno Balitsch
16%
Keine übereinstimmenden Quizze gefunden
Verteilung der Resultate
Anzahl Personen mit jedem Resultat
Perzentil nach korrekt beantworteten Fragen
Ihre Resultats-Entwicklung
Sie haben dieses Quiz noch nicht gespielt